College Football Team Logos: ACC - Statistics

General Stats
  • This quiz has been taken 559 times
    83 since last reset
  • The average score is 14 of 17
Answer Stats
Question Answer % Correct
Choose the ACC team:
86%
Choose the ACC team:
85%
Choose the ACC team:
85%
Choose the ACC team:
85%
Choose the ACC team:
85%
Choose the ACC team:
84%
Choose the ACC team:
84%
Choose the ACC team:
84%
Choose the ACC team:
81%
Choose the ACC team:
81%
Choose the ACC team:
81%
Choose the ACC team:
81%
Choose the ACC team:
79%
Choose the ACC team:
77%
Choose the ACC team:
75%
Choose the ACC team:
74%
Choose the ACC team:
73%
No matching quizzes found
Score Distribution
Percent of People with Each Score
Percentile by Number Answered
Your Score History
You have not taken this quiz since the last reset